000 00710 a2200205 4500
010 _aENG-88798
020 _c145.00
_a8185502951
035 _aEN-72331
037 _bDBAD / PUB
082 1 4 _a574.192
090 _c9414
_d9414
100 1 _aPattabiraman, T.N.
245 1 _aConcise text book of biochemistry /
_cby T.N. Pattabiraman
250 _a3rd ed
260 _aNew Delhi
_bAll India Publishers & Distributors
_c2006 (repr)
270 _a4380/4B, No.6, Kaushalaya Building, Ansari Road, Darya Ganj,
_bNew Delhi
_e110 002
300 _a182p.
_c24cm (pbk)
942 _adpl
_cEN
_k574.192 / PAT
999 _c9242
_d9242